Toutes les gares ferroviaires de Gironde - Statistiques

Statistiques générales
  • Ce quiz a été pris 20 fois
  • Le résultat moyen est 24 sur 68
Statistiques - réponses
Fréquentation annuelle Nom de la gare % Correct
23 006 240 Bordeaux-Saint-Jean
100%
1 942 950 Libourne
100%
1 295 083 Arcachon
89%
1 097 085 Cenon
89%
1 206 056 Pessac
89%
425 847 La Teste
78%
63 510 Bègles
67%
150 457 Blanquefort
67%
477 256 Coutras
67%
969 603 Langon
67%
728 895 Saint-André-de-Cubzac
61%
149 695 Lesparre
56%
486 987 Gujan-Mestras
50%
315 445 La Réole
50%
570 242 Marcheprime
50%
426 337 Pessac-Alouette
50%
162 603 Saint-Emilion
50%
32 557 Bruges
44%
1 250 870 Facture-Biganos
44%
101 842 Pauillac
44%
244 855 Saint-Mariens-Saint-Yzan
44%
13 573 Villenave-d'Ornon
44%
441 758 Gazinet-Cestas
39%
63 365 Margaux
39%
126 877 Mérignac-Arlac
39%
55 417 Saint-Eulalie-Carbon-Blanc
39%
80 377 Soulac-sur-Mer
39%
66 686 Bassens
33%
206 340 Castillon
33%
153 535 La Gorp
33%
74 794 Macau
33%
104 010 Podensac
33%
- Talence-Médoquine
33%
20 000 Verdon
33%
189 708 La Hume
28%
34 825 Saint-Denis-de-Pile
28%
88 124 Vayres
28%
402 628 Beautiran
22%
53 379 Caudéran-Mérignac
22%
23 102 Cubzac-les-Ponts
22%
25 137 La Grave-d'Ambarès
22%
55 602 Parempuyre
22%
2 558 Pointe-de-Grave
22%
241 484 Sainte-Foy-la-Grande
22%
186 164 Saint-Loubès
22%
17 006 Saint-Macaire
22%
98 569 Saint-Médard-d'Eyrans
22%
155 568 Saint-Seurin-sur-l'Isle
22%
325 875 Teich
22%
58 449 Aubie - Saint-Antoine
17%
74 005 Cadaujac
17%
12 384 Caudrot
17%
151 952 Portets
17%
46 870 Arbanats
11%
29 418 Bouscat-Saint-Germaine
11%
83 172 Cavignac
11%
451 017 Cérons
11%
7 529 Gironde
11%
46 905 Moulis - Listrac
11%
166 353 Saint-Sulpice-Izon
11%
14 168 Barsac
6%
26 851 Eglisottes
6%
72 537 Gauriaguet
6%
78 376 Ludon
6%
6 076 Preignac
6%
14 228 Saint-Pierre-d'Aurillac
6%
3 005 Lamothe-Landernon
0%
83 899 Saint-Médars-de-Guizières
0%
Aucun quiz correspondant
Distribution des résultats
% des personnes avec chaque résultat
Percentile par nombre de réponses
Votre historique - résultats
Vous n’avez pas pris ce quiz